Ligne 10 du Métro Parisien - Statistiques

Statistiques générales
  • Ce quiz a été pris 791 fois
  • Le résultat moyen est 17 sur 23
Statistiques - réponses
n gares correspondances % Correct
23 Gare d'Austerlitz M 5RER C
93%
22 Jussieu M 7
86%
18 Odéon M 4
85%
3 (vers Paris) Michel-Ange - Molitor M 9
84%
14 Duroc M 13
83%
7 (vers Boulogne-Billancourt) Michel-Ange - Auteuil M 9
82%
12 La Motte-Picquet - Grenelle M 6 8
80%
16 Sèvres - Babylone M 12
80%
19 Cluny - La Sorbonne RER B C
79%
8 (vers Boulogne-Billancourt) Eglise d'Auteuil
79%
9 Javel - André Citroën RER C
73%
1 Boulogne - Pont de Saint-Cloud T 2
71%
17 Mabillon
71%
6 (vers Boulogne-Billancourt) Porte d'Auteuil
70%
13 Ségur
68%
21 Cardinal Lemoine
66%
20 Maubert - Mutualité
66%
5 (vers Paris) Mirabeau
66%
15 Vaneau
66%
11 Avenue Emile-Zola
65%
10 Charles Michels
65%
2 Boulogne - Jean Jaurès
61%
4 (vers Paris) Chardon-Lagache
57%
Aucun quiz correspondant
Distribution des résultats
% des personnes avec chaque résultat
Percentile par nombre de réponses
Votre historique - résultats
Vous n’avez pas pris ce quiz